00620 am a2200169 a 450000500170000000800410001702000150005804100080007311000150008124501050009625000110020126000380021230000110025050001440026165300210040565300240042620231221083506.0101006s1999||||ag d f |||| 000 0 spa d a9879675258 aspa1 aAFACIMERA. aEducación Médica. Desafíos y tendencias. bT.5 Bases para el diseño curricular /cAFACIMERA. a1a ed. aBuenos Aires: bAFACIMERA;c1999. a107 p. aAFACIMERA. (1999) Educación médica. Desafíos y tendencias. T.5 Bases para el Diseño Curricular. (1a ed.). Buenos Aires : AFACIMERA. aCiencias Medicas aFormación docente